Teoría literaria feminista
Gespeichert in:
| 1. Verfasser: | |
|---|---|
| Format: | Buch |
| Sprache: | Undetermined |
| Veröffentlicht: |
Madrid, España
Cátedra
1988
|
| Schlagworte: | |
| Tags: |
Tag hinzufügen
Keine Tags, Fügen Sie den ersten Tag hinzu!
|
MARC
| LEADER | 00000nam a2200000Ia 4500 | ||
|---|---|---|---|
| 008 | 170316s9999 xx 000 0 und d | ||
| 090 | |a 801 M-42t | ||
| 100 | |a Moi, Toril | ||
| 245 | |a Teoría literaria feminista | ||
| 260 | |a Madrid, España | ||
| 260 | |b Cátedra | ||
| 260 | |c 1988 | ||
| 300 | |a 193 páginas | ||
| 650 | |a TEORÍA LITERARIA | ||
| 999 | |c 20488 |d 20488 | ||
| 040 | |a cru BVZT | ||
| 942 | |c 15 D |h 801 M-42t |2 z | ||
